| 000 | 01105cad a22002415a 4500 | ||
|---|---|---|---|
| 001 | E150915 | ||
| 008 | 100915s2009 xxk f 100 0 eng d | ||
| 020 | _a9781842195192 | ||
| 035 | _a(Sirsi) u150915 | ||
| 041 | 0 | _aeng | |
| 050 | 0 | 4 | _a692.5 $2 18 |
| 100 | 1 | _aLowe, John | |
| 111 | 2 |
_aConstruction and Building Research Conference _cUniversity of Cape Town _d10-11 September 2009 |
|
| 245 | 0 | 0 |
_aCapacity of the UK construction sector _h[electronic resource] |
| 260 |
_aLondon _bRICS _c2009 |
||
| 520 | _aSuggests that the construction industry was operating at or near to its planning capacity prior to the current recession. It was therefore on the margin of sustainability, and the author suggests that this could lead to future problems when the industry recovers. | ||
| 590 | _aKA | ||
| 650 | 2 | 4 | _aCONSTRUCTION AND BUILDING RESEARCH CONFERENCE (COBRA) |
| 651 | 4 |
_aUnited Kingdom _y |
|
| 690 | _aBUILT ENVIRONMENT-CONSTRUCTION MARKET | ||
| 856 | 4 | 0 |
_uhttps://www.rics.org/site/scripts/download_info.aspx?fileID=4996&categoryID=524 _zView the item free of charge at www.rics.org |
| 942 | _n0 | ||
| 999 |
_c111019 _d111019 |
||